Good wood guide

Bibliographic Details
Main Author: Jackson, Albert , 1943-
Other Authors: Day, David , 1944-
Format: Book
Published: London : HarperCollins , 1996
Subjects:

MARC

LEADER 00000cam a2200000 7i4500
001 0000003259
005 20050819.0
020 0 0 |a 0004129970 
090 0 0 |a 684.08   |b JAC 
100 1 0 |a Jackson, Albert ,   |d 1943- 
245 1 0 |a Good wood guide   |c Albert Jackson & David Day. 
260 0 0 |a London :   |b HarperCollins ,   |c 1996 
300 |a 128 p. :   |b col. ill., col. maps ;   |c 27 cm. 
650 0 0 |a Woodwork   |x Amateurs' manuals. 
650 0 0 |a Wood   |x Identification. 
700 1 1 |a Day, David ,   |d 1944- 
999 |a 6232   |b Monograph   |c Open Shelf   |e Default branch